Statistiques concernant 10 pays les plus peuplés sur la carte du monde

Cliquez ici pour prendre le quiz!

Statistiques générales

  • Ce quiz a été pris 621 fois
  • Le résultat moyen est 9 sur 10

Réponses sur la Carte

Les réponses sont colorées sur une échelle allant du rouge au vert en fonction du pourcentage des utilisateurs qui les ont devinées à leur premier essai. Vous pouvez retrouver ces pourcentages ci-dessous.
 

Statistiques - réponses

Réponse% Correct
Brésil
88%
Russie
88%
Etats-Unis
87%
Inde
87%
Chine
85%
Indonésie
85%
Mexique
85%
Nigeria
85%
Bangladesh
81%
Pakistan
80%

Distribution des résultats

Percentile par nombre de réponses

% des personnes avec chaque résultat

Votre développement - résultats

Vous n’avez pas pris ce quiz